Dejiny slovenského jazyka IV Syntax 1

Bibliographic Details
Main Author: Stanislav, Ján, 1904-1977 (Author)
Format: Book
Language:Slovak
PhysicalDescription:415 strán 25 cm
Published: Bratislava Vydavateľstvo Slovenskej akadémie vied 1973
Edition:Prvé vydanie
Subjects:

MARC

LEADER 00000cam a2200000 a 4500
001 vtls008308451
003 SK-MaSNL
005 20260301091631.0
008 260107s1973 xo grn 000 0 slo
015 |a SNBA1973/07-01636 
020 |q (viazané) 
035 |a SK01SNK19730000668 
035 |a urn:nbn:sk:snk-am3ib11 
035 |a urn:nbn:sk:snk-am00dj5j 
035 |a E6EF322F-CE7B-4A8A-A96C-7265CF593C60 
035 |a SKM000003131 
040 |a SNK  |b slo  |c SNK  |e AACR2 
041 0 |a slo 
044 |a xo  |c SK  |a xr  |c CZ 
080 |a 811.162.4  |2 2011 
080 |a 81`0  |2 2011 
080 |a (048.8)  |2 2011 
080 |a 81`367  |2 2011 
080 |a 81'36-112  |2 2001 
100 1 |a Stanislav, Ján,  |d 1904-1977  |4 aut  |9 107141 
245 1 0 |a Dejiny slovenského jazyka  |n IV  |p Syntax 1  |c Ján Stanislav 
246 3 0 |a Syntax 1 
250 |a Prvé vydanie 
260 |a Bratislava  |b Vydavateľstvo Slovenskej akadémie vied  |c 1973  |e Brno  |f Tisk 
300 |a 415 strán  |c 25 cm 
366 |e 3000 kusov 
504 |a Bibliografia na strane 14-15 ; skratky ; skratky a značky diel a časopisov 
650 0 7 |a slovenčina  |2 SNKPH  |9 1350 
650 0 7 |a vývoj jazyka  |2 SNKPH  |9 68207 
650 0 7 |a historická gramatika  |2 SNKPH  |9 68099 
650 0 7 |a syntax  |2 SNKPH  |9 1352 
655 7 |a monografie  |2 SNKPH  |9 70139 
852 |a Slovenská národná knižnica 
958 |a EUIPO 
958 |a TL 
958 |a RK 
958 |a NB 
958 |a OND 
999 |c 671749  |d 673679 
952 |a SNK  |b SNK  |y PREZ  |7 0  |p 17A0799067  |o snkSC 9382/4  |i snkKSP 4586/73  |0 0  |1 0  |4 0  |d 2012-08-22  |f 1  |l 0  |r 2025-07-09 00:00:00  |w 2026-02-23 
952 |t snkSTA/4 808.54(091)  |a SNKUST  |b SNKUST  |y PREZ  |7 0  |p 17A0094409  |o snkSC 9382/4 D2  |i snk2005/18392  |8 5  |0 0  |1 0  |4 0  |d 2005-11-03  |l 0  |r 2025-05-28 00:00:00  |w 2026-02-23